Pays en R en 1 minute - Statistiques

Statistiques générales
  • Ce quiz a été pris 487 fois
  • Le résultat moyen est 4 sur 7
Statistiques - réponses
Hint Réponse % Correct
4 Roumanie
91%
7 Rwanda
90%
6 Russie
78%
3 République tchèque
44%
5 Royaume-Uni
36%
2 République dominicaine
33%
1 République centrafricaine
23%
Aucun quiz correspondant
Distribution des résultats
% des personnes avec chaque résultat
Percentile par nombre de réponses
Votre historique - résultats
Vous n’avez pas pris ce quiz